000 00332nam a22001457a 4500
020 _a978-626-96747-5-6
050 _a078
060 _a078
082 _a078
100 _a呂毓卿
245 _a我們的文學夢 13
_h文學
250 _a初版
260 _a臺北市
_b上海商銀文教基金會
_c2025.05
942 _2ccl
_cBOOK
999 _c7638
_d7638